LIBRARY & INFORMATION CENTRE, KCAET, TAVANUR

ONLINE PUBLIC ACCESS CATALOGUE (OPAC)

Salt affected soils of India: A souce book / (Record no. 7805)

MARC details
000 -LEADER
fixed length control field 00410cam a2200157ua 4500
003 - CONTROL NUMBER IDENTIFIER
control field OSt
008 - FIXED-LENGTH DATA ELEMENTS--GENERAL INFORMATION
fixed length control field 240220b |||||||| |||| 00| 0 eng d
041 ## - LANGUAGE CODE
Language code of text/sound track or separate title eng
082 ## - DEWEY DECIMAL CLASSIFICATION NUMBER
Classification number 631.42
Item number BHA/SA
100 ## - MAIN ENTRY--AUTHOR NAME
Personal name Bhargava, G P .
245 ## - TITLE STATEMENT
Title Salt affected soils of India: A souce book /
250 ## - EDITION STATEMENT
Edition statement 1 /
260 ## - PUBLICATION, DISTRIBUTION, ETC. (IMPRINT)
Place of publication New Delhi :
Name of publisher Oxford & IBH Publishing company ,
Year of publication 1989.
300 ## - PHYSICAL DESCRIPTION
Number of Pages 261 ; .
942 ## - ADDED ENTRY ELEMENTS (KOHA)
Koha item type Books
Holdings
Withdrawn status Lost status Damaged status Home library Current library Date acquired Full call number Accession Number Koha item type
      KAUAET KAUAET 07/04/2012 631.42 BHA/SA 20064 Books
      KAUAET KAUAET 07/04/2012 631.42 17688 Reference
free website counter